Sklené Teplice známe alkalicko-sádrové kúpele

Zobrazenie: Na bielom podklade v bielom orámovaní pohľady na obec Sklené Teplice z diaľky, na hudobno-kulturny pavilon, na návštevníkov kúpeľov sediacich na okraji bazéna a jazero

Bibliographic Details
Other Authors: Slivka, Dušan, 1944- (Photographer), Šmátrala, Milan (fotograf) (Photographer), Vrbovský, František (fotograf) (Photographer)
Format: Photo
Language:Slovak
PhysicalDescription:1 pohľadnica (4 čiastkové pohľady) farebná 11 x 15 cm
Published: Bratislava ČSTK-Pressfoto 1988
Subjects:

MARC

LEADER 00000ckm a2200000 a 4500
001 vtls001203014
003 SK-MaSNL
005 20260331202931.0
007 kf co
008 230718s1988 xo g 0kuslo
015 |a SNBG1988 
035 |a SNK000146084 
035 |a urn:nbn:sk:snk-km3lw1m 
035 |a B5715AFA-6BDF-40B8-B1C8-48E1CFA75CFC 
035 |a urn:nbn:sk:snk-km00drn3 
040 |a SNK  |b slo  |c SNK  |e AACR2 
041 0 |a slo 
043 |a e-xo--- 
044 |a xo  |c SK 
072 7 |a 913  |x Regionálna geografia  |2 konspekt 
080 |a 913(437.6)  |2 2011 
080 |a 908(437.6)  |2 2011 
080 |a 556.55  |2 2011 
080 |a 725.835  |2 2011 
080 |a (084.121)  |2 2011 
100 1 |a Slivka, Dušan,  |d 1944-  |4 pht  |9 249825 
245 1 0 |a Sklené Teplice  |h grafika  |b známe alkalicko-sádrové kúpele  |c foto: D. Slivka, M. Šmátrala, F. Vrbovský ; grafický návrh: S. Štubňa 
246 1 |i Názov na obrazovej časti:  |a Sklené Teplice 
260 |a Bratislava  |b ČSTK-Pressfoto  |c 1988  |e Skalica  |f Grafobal 
300 |a 1 pohľadnica (4 čiastkové pohľady)  |b farebná  |c 11 x 15 cm 
520 8 |a Zobrazenie: Na bielom podklade v bielom orámovaní pohľady na obec Sklené Teplice z diaľky, na hudobno-kulturny pavilon, na návštevníkov kúpeľov sediacich na okraji bazéna a jazero 
650 0 7 |a jazerá  |2 SNKPH  |9 19987 
650 0 7 |a kúpele  |2 SNKPH  |9 1139 
650 0 7 |a kultúrne domy  |2 SNKPH  |9 73211 
651 7 |a Sklené Teplice (Slovensko)  |2 SNKPH  |9 59318 
655 7 |a miestne pohľadnice  |2 SNKPH  |9 70510 
655 7 |a geografické pohľadnice  |2 SNKPH  |9 70522 
700 1 |a Šmátrala, Milan  |c (fotograf)  |4 pht  |9 164919 
700 1 |a Vrbovský, František  |c (fotograf)  |4 pht  |9 283300 
700 1 |a Štubňa, S.  |c (grafik)  |4 art  |9 283292 
852 |a Slovenská národná knižnica 
954 |a pohľadnice pôvodné (slovenské)  |2 lita 
958 |a GBN 
958 |a TL 
958 |a GC 
958 |a OND 
958 |a EUIPO 
999 |c 775710  |d 777640 
952 |a SNK  |b SNK  |y PREZ  |7 0  |p 17A1297174  |o snkSP 140438  |i snk197/89  |0 0  |1 0  |4 0  |d 2019-02-06  |f 1  |l 0  |r 2026-02-24 00:48:38  |w 2026-02-24 
952 |a SNK  |b SNK  |y PREZ  |7 0  |p 17A1297173  |o snkSP 140438 D1  |i snk198/89  |0 0  |1 0  |4 0  |d 2019-02-06  |l 0  |r 2026-02-24 00:48:38  |w 2026-02-24